| 000 | 02008cam a22004574i 4500 | ||
|---|---|---|---|
| 003 | PE-LiUPU | ||
| 005 | 20250731173201.0 | ||
| 008 | 1989 s1989 ph a rb 000 0 eng d | ||
| 020 | _zNo tiene ISBN | ||
| 035 | _aPE-LiUPU000005 | ||
| 040 |
_aPE-LiUPU _beng _cPE-LiUPU _erda |
||
| 082 | 0 | 4 |
_a230.072 _bV996h _223 |
| 100 | 1 |
_aVyhmeister, Nancy Jean, _eautora. _95746 |
|
| 245 | 1 | 0 |
_aHandbook for research : _bguidelines for theological students / _cNancy Jean Vyhmeister. |
| 250 | _aSegunda edición revisada. | ||
| 264 | 1 |
_aSilang, Cavite, Philippines : _bAIIAS Publications, _c1989. |
|
| 300 |
_a164 páginas : _bilustraciones ; _c28 cm |
||
| 336 |
_atext _2rdacontent |
||
| 337 |
_aunmediated _2rdamedia |
||
| 338 |
_avolume _2rdacarrier |
||
| 504 | _aIncluye referencias biblográficas. | ||
| 505 | 0 | _aWhat is research -- Choosing a topic -- The research plan -- Bibliographies from start to finish -- Reading and evaluating -- Taking good notes -- Footnotes: why, when, and how -- Reference notes and bibliographical entries compared -- Organizing the paper -- Writing the paper -- Formatting the paper -- Biblical exegesis as research -- Descriptive research -- Program development as research -- The case study as research -- Statistics, tables, and graphs -- Miscellaneous theological writing -- Theses and dissertations -- Appendix -- Bibliography -- Index. | |
| 526 | _aSEG42 | ||
| 526 | _aSEG41 | ||
| 526 | _aSEG40 | ||
| 526 | _aSEG39 | ||
| 526 | _aP94 | ||
| 526 | _aP87 | ||
| 526 | _aP86 | ||
| 526 | _aP85 | ||
| 526 | _aP77 | ||
| 526 | _aP76 | ||
| 526 | _aP35 | ||
| 650 | 1 | 0 |
_aTeología _xInvestigación _xMetodología. _95747 |
| 650 | 2 | 4 |
_aEstudiantes de teología _vManuales, guías, etc. _95748 |
| 650 | 2 | 4 |
_aTesis y disertaciones académicas _vManuales. _95749 |
| 710 |
_aAIIAS Publications, _epublisher. _95750 |
||
| 942 |
_2ddc _cBK |
||
| 980 |
_81 _gALBERTO SANCHEZ Responsable de Automatización |
||
| 999 |
_c37460 _d37460 |
||